|
|
|
|
| LEADER |
01260nam a2200301 a 4500 |
| 001 |
15243511 |
| 003 |
BD-DhAAL |
| 008 |
091115s2009 cau b 001 0 eng d |
| 010 |
|
|
|a 2008926223
|
| 020 |
|
|
|a 9781412921657
|
| 020 |
|
|
|a 1412921651
|
| 020 |
|
|
|a 9781412921664 (pbk.)
|
| 020 |
|
|
|a 141292166X (pbk.)
|
| 040 |
|
|
|a UKM
|c UKM
|d BTCTA
|d BAKER
|d YDXCP
|d BWKUK
|d BWK
|d BWX
|d DLC
|d BD-DhAAL
|
| 082 |
0 |
4 |
|a 650.072
|2 22
|
| 100 |
1 |
|
|a Myers, Michael D.
|q (Michael David),
|d 1954-
|9 58739
|
| 245 |
1 |
0 |
|a Qualitative research in business and management /
|c Michael D. Myers.
|
| 260 |
|
|
|a Los Angeles :
|b SAGE,
|c 2009.
|
| 300 |
|
|
|a xi, 284 pages ;
|c 24 cm.
|
| 504 |
|
|
|a Includes bibliographical references (p. [262]-274) and index.
|
| 526 |
|
|
|x Requisitioned by Faculties of BBS
Course name and no : N/A
|
| 541 |
1 |
|
|a Karim International
|e 00019594
|
| 650 |
|
0 |
|a Management
|x Research.
|
| 650 |
|
0 |
|a Management.
|
| 852 |
4 |
|
|a Ayesha Abed Library
|j General Shelf
|
| 942 |
|
|
|2 ddc
|c BK
|
| 999 |
|
|
|c 5524
|d 5524
|
| 952 |
|
|
|0 0
|1 0
|2 ddc
|4 0
|6 650_072000000000000_MYE
|7 0
|9 5399
|a BRACUL
|b BRACUL
|c GEN
|d 2009-11-14
|e Karim Interantional
|g 2139.00
|l 3
|m 19
|o 650.072 MYE
|p 3010019594
|r 2017-06-01
|s 2017-03-13
|t 1
|w 2009-11-15
|y BK
|x Requisitioned by Faculties of BBS. Course name and no. "not available".
|